[Event "chess.com Speed 2019"]
[Site "chess.com INT"]
[Date "2019.09.06"]
[Round "1.9"]
[White "Duda, Jan-Krzysztof"]
[Black "Giri, Anish"]
[Result "1/2-1/2"]
[WhiteTitle "GM"]
[BlackTitle "GM"]
[WhiteElo "2730"]
[BlackElo "2780"]
[WhiteFideId "1170546"]
[BlackFideId "24116068"]
[EventDate "2019.09.02"]

1. d4 Nf6 2. Bg5 e6 3. e4 h6 4. Bxf6 Qxf6 5. c3 c5 6. Nf3 cxd4 7. cxd4 Bb4+ 8.
Nc3 O-O 9. Bd3 d6 10. O-O Nc6 11. Bb5 Bxc3 12. bxc3 Bd7 13. Re1 Rac8 14. e5 dxe5
15. Nxe5 Rfd8 16. Bxc6 Bxc6 17. Re3 Be8 18. Rg3 Qe7 19. Qc1 f6 20. Ng4 h5 21.
Ne3 Rxd4 22. cxd4 Rxc1+ 23. Rxc1 Bc6 24. h4 Qd6 25. d5 Bxd5 26. Nxd5 exd5 27.
Rd3 Qf4 28. Rc8+ Kh7 29. Rxd5 Qxh4 30. Rc7 Qe4 31. Rxh5+ Kg8 32. Rc1 Qa4 33. Rh3
Qxa2 34. Rc8+ Kf7 35. Rc7+ Kg8 36. Rc8+ Kf7 37. Rc7+ Kg8 38. Rc8+ 1/2-1/2

[Event "chess.com Speed 2019"]
[Site "chess.com INT"]
[Date "2019.09.06"]
[Round "1.10"]
[White "Giri, Anish"]
[Black "Duda, Jan-Krzysztof"]
[Result "1-0"]
[WhiteTitle "GM"]
[BlackTitle "GM"]
[WhiteElo "2780"]
[BlackElo "2730"]
[WhiteFideId "24116068"]
[BlackFideId "1170546"]
[EventDate "2019.09.02"]

1. d4 Nf6 2. c4 e6 3. Nf3 d5 4. Nc3 dxc4 5. e4 Bb4 6. Bxc4 Nxe4 7. O-O Nf6 8.
Qa4+ Nc6 9. Ne5 Bd6 10. Nxc6 bxc6 11. Qxc6+ Bd7 12. Qf3 O-O 13. Bg5 h6 14. Bh4
Rb8 15. b3 Be7 16. Rad1 c6 17. Rfe1 Re8 18. Na4 Nd5 19. Bxe7 Rxe7 20. Nc5 a5 21.
h4 Be8 22. g3 Ra7 23. Kg2 Qf6 24. Qd3 Nb6 25. Rd2 a4 26. b4 a3 27. Rb1 Rd8 28.
Re1 Bd7 29. Bb3 Bc8 30. Bc2 Qf5 31. Qxf5 exf5 32. Bb3 Kf8 33. h5 Ba6 34. Nxa6
Rxa6 35. Re5 f4 36. gxf4 Nd7 37. Rf5 Nf6 38. Kf3 Rb6 39. Ra5 Rxb4 40. Rxa3 Rbxd4
41. Rxd4 Rxd4 42. Ra7 Nxh5 43. Rxf7+ Ke8 44. Rf5 Nf6 45. Ra5 Rd7 46. Re5+ Kd8
47. Ra5 Rb7 48. Ra8+ Kc7 49. Ke3 Kb6 50. f5 Re7+ 51. Kf3 Re5 52. Be6 g5 53. Rh8
Re4 54. Rxh6 Rf4+ 55. Kg2 Ng4 56. Rg6 Nxf2 57. Rxg5 Ne4 58. Rg6 Kc5 59. Kh3 Kd4
60. Rg2 c5 61. Rc2 Nd6 62. Kg3 Re4 63. Rd2+ Ke5 64. Rd5+ Kf6 65. Rxd6 Rb4 66.
Rc6 Kg5 67. Rxc5 Rg4+ 68. Kf3 Rf4+ 69. Ke3 Rf1 70. Bb3 Rxf5 71. Rxf5+ Kxf5 72.
Kd4 1-0

[Event "chess.com Speed 2019"]
[Site "chess.com INT"]
[Date "2019.09.06"]
[Round "1.11"]
[White "Duda, Jan-Krzysztof"]
[Black "Giri, Anish"]
[Result "1/2-1/2"]
[WhiteTitle "GM"]
[BlackTitle "GM"]
[WhiteElo "2730"]
[BlackElo "2780"]
[WhiteFideId "1170546"]
[BlackFideId "24116068"]
[EventDate "2019.09.02"]

1. Nf3 d5 2. c4 e6 3. e3 Nf6 4. Nc3 Bd6 5. b3 a6 6. Bb2 c5 7. cxd5 exd5 8. d4
Nc6 9. Be2 O-O 10. O-O Re8 11. dxc5 Bxc5 12. Rc1 Ba7 13. Rc2 d4 14. exd4 Nxd4
15. Nxd4 Qxd4 16. Qxd4 Bxd4 17. Bf3 Bf5 18. Rd2 Bxc3 19. Bxc3 Ne4 20. Bxe4 Bxe4
21. f3 Bc6 22. Rfd1 h5 23. Kf2 f6 24. Kg3 Kh7 25. a4 Re3 26. Rd3 Rae8 27. h4
Rxd3 28. Rxd3 Re2 29. a5 Bb5 30. Rd2 Re3 31. Rc2 Kg6 32. Kf2 Rd3 33. b4 Ba4 34.
Rc1 Rd1 35. Rxd1 Bxd1 36. Ke3 Ba4 37. Kf4 Bb5 38. g4 Be2 39. Bd4 Bb5 40. Bc5
hxg4 41. fxg4 Bc6 42. h5+ Kf7 43. g5 fxg5+ 44. Kxg5 Bb5 45. h6 gxh6+ 46. Kxh6
Ke6 47. Kg5 Kd7 48. Kf4 Kc8 49. Ke5 Kb8 50. Kd6 Ka8 51. Kc7 Bc6 52. Bb6 Bb5 53.
Bc5 Bc6 54. Bb6 Bb5 55. Bc5 1/2-1/2

[Event "chess.com Speed 2019"]
[Site "chess.com INT"]
[Date "2019.09.06"]
[Round "1.12"]
[White "Giri, Anish"]
[Black "Duda, Jan-Krzysztof"]
[Result "1/2-1/2"]
[WhiteTitle "GM"]
[BlackTitle "GM"]
[WhiteElo "2780"]
[BlackElo "2730"]
[WhiteFideId "24116068"]
[BlackFideId "1170546"]
[EventDate "2019.09.02"]

1. d4 d5 2. c4 c6 3. Nf3 Nf6 4. Nc3 dxc4 5. a4 e6 6. e3 c5 7. Bxc4 Nc6 8. O-O
cxd4 9. exd4 Be7 10. Bf4 O-O 11. h3 Nb4 12. Re1 Bd7 13. d5 exd5 14. Bxd5 Nbxd5
15. Nxd5 Nxd5 16. Qxd5 b6 17. Bc7 Qxc7 18. Rxe7 Bc6 19. Qe5 Qxe5 20. Nxe5 Bd5
21. Rd1 Rfd8 22. Rc1 Re8 23. Rcc7 Rxe7 24. Rxe7 Bb3 25. a5 bxa5 26. Nc6 a4 27.
Nxa7 Kf8 28. Rc7 Rd8 29. Nc6 Rd1+ 30. Kh2 g6 31. Na5 Rd2 32. Nxb3 axb3 33. Rb7
Rxb2 34. Kg3 Kg7 35. h4 Kf6 36. Kf3 h5 37. Rb5 Ke6 38. g3 Kd6 39. Rb7 Kd5 40.
Rxf7 Rc2 41. Rb7 b2 42. Kf4 Kc4 43. Kg5 Kc3 44. Kxg6 Rc1 45. Kxh5 b1=Q 46. Rxb1
Rxb1 47. Kg6 Kd4 48. h5 Ke5 49. f4+ Ke6 50. g4 Ke7 51. Kg7 Rf1 52. f5 Rg1 53.
f6+ Ke6 54. h6 Rxg4+ 55. Kh8 Kf7 56. h7 Kf8 57. f7 Rh4 1/2-1/2

[Event "chess.com Speed 2019"]
[Site "chess.com INT"]
[Date "2019.09.06"]
[Round "1.13"]
[White "Duda, Jan-Krzysztof"]
[Black "Giri, Anish"]
[Result "0-1"]
[WhiteTitle "GM"]
[BlackTitle "GM"]
[WhiteElo "2730"]
[BlackElo "2780"]
[WhiteFideId "1170546"]
[BlackFideId "24116068"]
[EventDate "2019.09.02"]

1. e4 e5 2. Nf3 Nc6 3. Bb5 Bc5 4. c3 Nge7 5. d4 exd4 6. cxd4 Bb4+ 7. Nc3 a6 8.
Ba4 d5 9. e5 O-O 10. h3 b5 11. Bc2 Bf5 12. O-O Bxc3 13. bxc3 Qd7 14. a4 b4 15.
Bxf5 Nxf5 16. cxb4 Nxb4 17. a5 Rab8 18. Ba3 Rfc8 19. Qd2 Nc6 20. Qd3 Rb5 21.
Rfc1 Nxa5 22. g4 Ne7 23. Bxe7 Qxe7 24. Rc3 h6 25. Rca3 Qb4 26. g5 Nb3 27. Qf5
Re8 28. Ra4 Qe7 29. R1a3 hxg5 30. Nxg5 g6 31. Qf4 Kg7 32. Rxa6 c5 33. Rf6 Rf8
34. Qh4 Rh8 35. Qf4 Rf8 36. dxc5 Nxc5 37. Rf3 Ne4 38. Rxf7+ Rxf7 39. Qxf7+ Qxf7
40. Nxf7 Nd2 41. Kg2 Nxf3 0-1

[Event "chess.com Speed 2019"]
[Site "chess.com INT"]
[Date "2019.09.06"]
[Round "1.14"]
[White "Giri, Anish"]
[Black "Duda, Jan-Krzysztof"]
[Result "1-0"]
[WhiteTitle "GM"]
[BlackTitle "GM"]
[WhiteElo "2780"]
[BlackElo "2730"]
[WhiteFideId "24116068"]
[BlackFideId "1170546"]
[EventDate "2019.09.02"]

1. d4 d5 2. c4 c6 3. cxd5 cxd5 4. Nc3 Nf6 5. Bf4 Nc6 6. e3 Bf5 7. Nf3 e6 8. Rc1
Rc8 9. Be2 Be7 10. O-O O-O 11. Nh4 Be4 12. a3 h6 13. Nf3 Bh7 14. Ne5 a6 15. Bd3
Bxd3 16. Qxd3 Nxe5 17. Bxe5 Nd7 18. Bg3 Qb6 19. Na4 Qa5 20. Nc3 Rc6 21. Na2 Rfc8
22. f3 Qb6 23. Rxc6 Rxc6 24. Rb1 h5 25. h3 h4 26. Bf2 Qc7 27. Qd1 Nb6 28. a4 Nc4
29. b3 Nd6 30. Rc1 Nf5 31. Rxc6 Qxc6 32. Qc1 Qxc1+ 33. Nxc1 Bg5 34. f4 Be7 35.
Kf1 Kh7 36. Ke2 a5 37. Nd3 b6 38. Ne5 Kg8 39. Be1 f6 40. Ng6 Kf7 41. Nxh4 Nxh4
42. Bxh4 Bd6 43. g4 g6 44. Be1 f5 45. Bh4 Bc7 46. Kf3 Kg8 47. Bf6 Kf7 48. g5 Kg8
49. Kg3 Kf8 50. h4 Kf7 51. Kh3 Bd6 52. Bd8 Bb4 53. Kg3 Be1+ 54. Kf3 Bxh4 55. Ke2
b5 56. Bxa5 bxa4 57. bxa4 Ke8 58. Be1 Bxe1 59. Kxe1 Kd7 60. Kd2 Kc6 61. Kc3 1-0

[Event "chess.com Speed 2019"]
[Site "chess.com INT"]
[Date "2019.09.06"]
[Round "1.15"]
[White "Duda, Jan-Krzysztof"]
[Black "Giri, Anish"]
[Result "1-0"]
[WhiteTitle "GM"]
[BlackTitle "GM"]
[WhiteElo "2730"]
[BlackElo "2780"]
[WhiteFideId "1170546"]
[BlackFideId "24116068"]
[EventDate "2019.09.02"]

1. d4 d5 2. Nf3 Nf6 3. c4 e6 4. Nc3 Bb4 5. Qa4+ Nc6 6. Bg5 dxc4 7. e3 Bd7 8. Qc2
Na5 9. Ne5 c5 10. O-O-O Nc6 11. Bxf6 gxf6 12. Nxd7 Qxd7 13. dxc5 Qe7 14. Ne4
Bxc5 15. Bxc4 f5 16. Qc3 Bd4 17. exd4 fxe4 18. d5 Qg5+ 19. Kb1 Ne5 20. dxe6 fxe6
21. Bxe6 Ke7 22. Bd5 Qf5 23. Qb4+ Kf6 24. Bxe4 1-0

[Event "chess.com Speed 2019"]
[Site "chess.com INT"]
[Date "2019.09.06"]
[Round "1.16"]
[White "Giri, Anish"]
[Black "Duda, Jan-Krzysztof"]
[Result "1-0"]
[WhiteTitle "GM"]
[BlackTitle "GM"]
[WhiteElo "2780"]
[BlackElo "2730"]
[WhiteFideId "24116068"]
[BlackFideId "1170546"]
[EventDate "2019.09.02"]

1. d4 d5 2. c4 c6 3. Nc3 Nf6 4. e3 e6 5. Nf3 Nbd7 6. Qc2 Bd6 7. b3 O-O 8. Be2 b6
9. O-O Bb7 10. Bb2 Qe7 11. Rad1 Rad8 12. Rfe1 Rfe8 13. e4 Nxe4 14. Nxe4 dxe4 15.
Qxe4 Bb4 16. Rf1 Bd6 17. Bd3 f5 18. Qh4 c5 19. d5 Qxh4 20. Nxh4 g6 21. dxe6 Rxe6
22. Nxf5 gxf5 23. Bxf5 Rh6 24. Rfe1 Bxh2+ 25. Kf1 Bf4 26. Bxd7 Kf8 27. Bh3 Rhd6
28. Bg4 Rxd1 29. Rxd1 Rxd1+ 30. Bxd1 Be4 31. g3 Bd6 32. Ke2 Bb1 33. a3 Kf7 34.
Kd2 Kg6 35. Bc2+ Bxc2 36. Kxc2 h5 37. Kd3 Kf5 38. Bc1 Be5 39. Bd2 Bb2 40. a4 Bd4
41. Be3 Be5 42. Ke2 Ke4 43. f3+ Kf5 44. Bf2 Bg7 45. Kd3 Bf8 46. Be1 Bd6 47. g4+
hxg4 48. fxg4+ Kxg4 49. Ke4 Be7 50. a5 bxa5 51. Bf2 a6 52. Kd5 Kf3 53. Bxc5 Bd8
54. Ba7 Ke2 55. c5 Kd3 56. Bb6 1-0

[Event "chess.com Speed 2019"]
[Site "chess.com INT"]
[Date "2019.09.06"]
[Round "1.17"]
[White "Duda, Jan-Krzysztof"]
[Black "Giri, Anish"]
[Result "1-0"]
[WhiteTitle "GM"]
[BlackTitle "GM"]
[WhiteElo "2730"]
[BlackElo "2780"]
[WhiteFideId "1170546"]
[BlackFideId "24116068"]
[EventDate "2019.09.02"]

1. d4 d5 2. Nf3 Nf6 3. c4 e6 4. Nc3 Be7 5. g3 O-O 6. Bg2 dxc4 7. O-O Nc6 8. e3
Na5 9. e4 c5 10. d5 exd5 11. e5 Ne8 12. Nxd5 h6 13. Be3 Be6 14. Nxe7+ Qxe7 15.
Nd2 Rd8 16. Qh5 Nc7 17. Ne4 Rd5 18. Bxh6 Bc8 19. Bf4 Ne6 20. Nf6+ gxf6 21. Bxd5
Ng7 22. Qh4 1-0

[Event "chess.com Speed 2019"]
[Site "chess.com INT"]
[Date "2019.09.06"]
[Round "1.18"]
[White "Giri, Anish"]
[Black "Duda, Jan-Krzysztof"]
[Result "1/2-1/2"]
[WhiteTitle "GM"]
[BlackTitle "GM"]
[WhiteElo "2780"]
[BlackElo "2730"]
[WhiteFideId "24116068"]
[BlackFideId "1170546"]
[EventDate "2019.09.02"]

1. d4 Nf6 2. c4 e6 3. Nf3 b6 4. g3 Ba6 5. b3 Bb4+ 6. Bd2 Be7 7. Nc3 c6 8. e4 d5
9. Qc2 dxe4 10. Nxe4 Nbd7 11. Bd3 O-O 12. O-O-O Nxe4 13. Bxe4 Nf6 14. Bd3 c5 15.
dxc5 Bb7 16. Ng5 h6 17. Ne4 Nxe4 18. Bxe4 Bxe4 19. Qxe4 Bxc5 20. Bc3 Qe7 21. Rd2
Bb4 22. Bxb4 Qxb4 23. Rhd1 b5 24. Rc2 Rac8 25. Kb1 a5 26. Qd4 bxc4 27. Rxc4 Rxc4
28. Qxc4 Qb7 29. h4 Rc8 30. Qd4 Qc6 31. Qd2 a4 32. Rc1 Qe4+ 33. Kb2 Rb8 34. Qf4
Qxf4 35. gxf4 axb3 36. axb3 Rb5 37. Rc4 Kh7 38. b4 Kg6 39. Ka3 Rb8 40. Rc5 f5
41. Rc6 Kh5 42. Rxe6 Rb7 43. f3 Kxh4 44. Rg6 Kh5 45. Rg1 g5 46. fxg5 hxg5 47.
Ka4 Ra7+ 48. Kb3 Rb7 49. Ka4 g4 50. fxg4+ fxg4 51. b5 Kh4 52. Ka5 g3 53. b6 Kh3
54. Ka6 Rb8 55. b7 g2 56. Ka7 Rxb7+ 57. Kxb7 Kh2 58. Rxg2+ Kxg2 1/2-1/2

[Event "chess.com Speed 2019"]
[Site "chess.com INT"]
[Date "2019.09.06"]
[Round "1.19"]
[White "Duda, Jan-Krzysztof"]
[Black "Giri, Anish"]
[Result "1-0"]
[WhiteTitle "GM"]
[BlackTitle "GM"]
[WhiteElo "2730"]
[BlackElo "2780"]
[WhiteFideId "1170546"]
[BlackFideId "24116068"]
[EventDate "2019.09.02"]

1. d4 Nf6 2. Nf3 e6 3. c4 d5 4. Nc3 Bb4 5. Qa4+ Nc6 6. cxd5 exd5 7. Bg5 h6 8.
Bxf6 Qxf6 9. e3 O-O 10. Rc1 Rd8 11. Be2 Bf8 12. O-O Ne7 13. Qc2 c6 14. b4 a6 15.
a4 Ng6 16. b5 axb5 17. axb5 Bf5 18. Qb3 Bd6 19. bxc6 bxc6 20. Ra1 Ne7 21. Rxa8
Rxa8 22. Rc1 g6 23. Qd1 Kg7 24. h3 h5 25. Bd3 Be6 26. e4 Ba3 27. e5 Qf4 28. Ra1
Ra7 29. Ra2 Nc8 30. Ne2 Qh6 31. Qa1 g5 32. Rxa3 Rxa3 33. Qxa3 g4 34. hxg4 hxg4
35. Nh2 Qd2 36. Nf1 Qd1 37. Qc3 Nb6 38. Qd2 Qb3 39. Qg5+ Kf8 1-0

[Event "chess.com Speed 2019"]
[Site "chess.com INT"]
[Date "2019.09.06"]
[Round "1.20"]
[White "Giri, Anish"]
[Black "Duda, Jan-Krzysztof"]
[Result "1-0"]
[WhiteTitle "GM"]
[BlackTitle "GM"]
[WhiteElo "2780"]
[BlackElo "2730"]
[WhiteFideId "24116068"]
[BlackFideId "1170546"]
[EventDate "2019.09.02"]

1. d4 Nf6 2. c4 e6 3. Nf3 b6 4. g3 Ba6 5. b3 Bb4+ 6. Bd2 Be7 7. Nc3 c6 8. e4 d5
9. Bd3 dxe4 10. Nxe4 Nbd7 11. Qe2 O-O 12. O-O Bb7 13. b4 c5 14. dxc5 bxc5 15. b5
Qc7 16. a4 Rad8 17. a5 Ba8 18. Rad1 h6 19. Bc3 Nxe4 20. Bxe4 Bf6 21. Bxf6 Nxf6
22. Bxa8 Rxa8 23. a6 Nd7 24. Rd2 Rad8 25. Rfd1 Nb6 26. Ne5 Rxd2 27. Rxd2 Ra8 28.
Nc6 Kh8 29. h4 Re8 30. h5 e5 31. Qe4 Kg8 32. g4 Nd7 33. Qf5 Nf6 34. Kg2 e4 35.
Re2 Qd6 36. Re3 Re6 37. Nxa7 Re5 38. Qf4 Nxh5 39. Qh2 Nf6 40. Nc6 Nxg4 41. Qxe5
Nxe5 42. a7 Nxc6 43. a8=Q+ Nd8 44. Qxe4 Ne6 45. Rf3 g6 46. Qe3 Kg7 47. Qe4 g5
48. Re3 Nf4+ 49. Kh2 Ng6+ 50. Kg1 Qf6 51. Re1 h5 52. Kf1 h4 53. Kg1 h3 54. Qe3
Qf5 55. Qg3 Nf4 56. b6 Kg6 57. b7 1-0

[Event "chess.com Speed 2019"]
[Site "chess.com INT"]
[Date "2019.09.06"]
[Round "1.21"]
[White "Duda, Jan-Krzysztof"]
[Black "Giri, Anish"]
[Result "1-0"]
[WhiteTitle "GM"]
[BlackTitle "GM"]
[WhiteElo "2730"]
[BlackElo "2780"]
[WhiteFideId "1170546"]
[BlackFideId "24116068"]
[EventDate "2019.09.02"]

1. d4 Nf6 2. Nf3 g6 3. c4 Bg7 4. Nc3 O-O 5. e4 d6 6. Be2 e5 7. O-O Nc6 8. d5 Ne7
9. b4 a5 10. Ba3 axb4 11. Bxb4 Ne8 12. c5 dxc5 13. Bxc5 Nd6 14. Nd2 Bd7 15. a4
b6 16. Bb4 Nec8 17. a5 bxa5 18. Rxa5 Rxa5 19. Bxa5 Nb6 20. Bb4 Re8 21. Qb3 Bh6
22. Qc2 Kg7 23. Ra1 Qf6 24. Nd1 Rc8 25. Ne3 c6 26. dxc6 Rxc6 27. Qd3 Be6 28. Rf1
Ndc4 29. Nd5 Qd8 30. Nxc4 Nxc4 31. Be7 Qd7 32. Bf6+ Kf8 33. Rb1 Rc8 34. Qc3 Nd6
35. Qxe5 Bxd5 36. exd5 Re8 37. Be7+ Kg8 38. Qxd6 Qxd6 39. Bxd6 Rxe2 40. Rb8+ Kg7
41. Kf1 Rd2 42. Bf8+ Kf6 43. Rb6+ Kf5 44. Bxh6 Rxd5 45. h4 Rd1+ 46. Ke2 Rd8 47.
Rf6+ Kxf6 48. Bg5+ Kf5 49. Bxd8 Kf4 50. g3+ Kg4 51. Bc7 h6 52. f3+ Kh3 53. Kf2
g5 54. h5 f5 55. Be5 g4 56. f4 Kh2 57. Bg7 1-0

[Event "chess.com Speed 2019"]
[Site "chess.com INT"]
[Date "2019.09.06"]
[Round "1.22"]
[White "Giri, Anish"]
[Black "Duda, Jan-Krzysztof"]
[Result "0-1"]
[WhiteTitle "GM"]
[BlackTitle "GM"]
[WhiteElo "2780"]
[BlackElo "2730"]
[WhiteFideId "24116068"]
[BlackFideId "1170546"]
[EventDate "2019.09.02"]

1. d4 d5 2. c4 c6 3. Nf3 Nf6 4. Nc3 e6 5. e3 Nbd7 6. Be2 Bd6 7. O-O O-O 8. a4
Qe7 9. a5 Re8 10. Bd2 Rb8 11. Qc2 h6 12. e4 Nxe4 13. Nxe4 dxe4 14. Qxe4 e5 15.
Rfe1 Nf6 16. Qc2 e4 17. Ne5 c5 0-1

[Event "chess.com Speed 2019"]
[Site "chess.com INT"]
[Date "2019.09.06"]
[Round "1.23"]
[White "Duda, Jan-Krzysztof"]
[Black "Giri, Anish"]
[Result "1-0"]
[WhiteTitle "GM"]
[BlackTitle "GM"]
[WhiteElo "2730"]
[BlackElo "2780"]
[WhiteFideId "1170546"]
[BlackFideId "24116068"]
[EventDate "2019.09.02"]

1. e4 e5 2. Nf3 Nc6 3. Bb5 Nf6 4. O-O Nxe4 5. d4 Nd6 6. Bxc6 dxc6 7. dxe5 Nf5 8.
Qxd8+ Kxd8 9. h3 Be7 10. Nc3 Nh4 11. Rd1+ Ke8 12. Nxh4 Bxh4 13. Ne2 h5 14. Bf4
Be7 15. Nd4 c5 16. Nb5 Bd8 17. Bg5 Bd7 18. Bxd8 Kxd8 19. Rd2 Kc8 20. Nc3 a5 21.
Rad1 Bc6 22. Nd5 b6 23. Ne7+ Kb7 24. f4 g6 25. Nxc6 Kxc6 26. g3 a4 27. Kf2 Ra5
28. Kf3 Rb5 29. c3 c4 30. a3 Re8 31. Re1 f6 32. e6 Rd5 33. Rxd5 Kxd5 34. e7 Kd6
35. f5 gxf5 36. Kf4 Rxe7 37. Rxe7 Kxe7 38. Kxf5 Kf7 39. h4 Kg7 40. g4 Kh6 41.
gxh5 Kxh5 42. Kxf6 Kxh4 43. Ke7 Kg4 44. Kd7 Kf4 45. Kxc7 Ke4 46. Kxb6 Kd3 47.
Kb5 Kc2 48. Kxc4 Kxb2 49. Kb4 1-0

[Event "chess.com Speed 2019"]
[Site "chess.com INT"]
[Date "2019.09.06"]
[Round "1.24"]
[White "Giri, Anish"]
[Black "Duda, Jan-Krzysztof"]
[Result "0-1"]
[WhiteTitle "GM"]
[BlackTitle "GM"]
[WhiteElo "2780"]
[BlackElo "2730"]
[WhiteFideId "24116068"]
[BlackFideId "1170546"]
[EventDate "2019.09.02"]

1. d4 d5 2. c4 c6 3. Nc3 Nf6 4. e3 e6 5. Nf3 Nbd7 6. Qc2 Bd6 7. Be2 O-O 8. O-O
b6 9. b3 Bb7 10. Bb2 Qe7 11. Rad1 Rad8 12. Rfe1 Rfe8 13. g3 a6 14. Bf1 Bb4 15.
Bg2 Ne4 16. Nd2 Nxd2 17. Rxd2 Nf6 18. Rdd1 b5 19. c5 e5 20. dxe5 Nd7 21. e4 Nxc5
22. exd5 cxd5 23. a3 Bxc3 24. Bxc3 Ne6 25. Bb4 Qd7 26. Bd6 Rc8 27. Qd2 d4 28. f4
Bxg2 29. Qxg2 f5 30. g4 Qf7 31. Rf1 Rc3 32. b4 Rec8 33. gxf5 Qxf5 34. Qd5 Rc2
35. Rxd4 Re2 36. Rd2 Rxd2 37. Qxd2 Rc2 38. Qd5 h6 39. Kh1 Kh8 40. Qf3 Nd4 41.
Qd5 Qh3 42. Rg1 Rxh2# 0-1

[Event "chess.com Speed 2019"]
[Site "chess.com INT"]
[Date "2019.09.06"]
[Round "1.25"]
[White "Duda, Jan-Krzysztof"]
[Black "Giri, Anish"]
[Result "1/2-1/2"]
[WhiteTitle "GM"]
[BlackTitle "GM"]
[WhiteElo "2730"]
[BlackElo "2780"]
[WhiteFideId "1170546"]
[BlackFideId "24116068"]
[EventDate "2019.09.02"]

1. d4 Nf6 2. Nf3 e6 3. c4 d5 4. Nc3 Bb4 5. Qa4+ Nc6 6. cxd5 exd5 7. Bg5 h6 8.
Bxf6 Qxf6 9. e3 O-O 10. Rc1 Be6 11. Be2 a6 12. O-O Bd6 13. Qd1 Ne7 14. Ne1 Rad8
15. Nd3 g6 16. Bg4 h5 17. Bxe6 Qxe6 18. Na4 c6 19. Nac5 Bxc5 20. Nxc5 Qc8 21.
Qb3 b5 22. Qa3 Nf5 23. Qxa6 Qc7 24. Qb7 Qd6 25. Nd3 Rc8 26. Rc5 Ne7 27. Qb6 Ra8
28. Rc3 Rxa2 29. Qc5 Qxc5 30. Rxc5 Ra4 31. Rfc1 Rc8 32. h3 f6 33. g4 h4 34. Kf1
Kf7 35. Ke2 g5 36. Kd2 Ke6 37. b3 Ra2+ 38. R5c2 Rca8 39. Nb4 Rxc2+ 40. Kxc2 Kd6
41. Kb2 f5 42. gxf5 Rf8 43. Nd3 Rxf5 44. Kc3 Rf3 45. Rh1 Ng8 46. Kd2 Nf6 47. Ke2
Rf5 48. Nc5 Ne4 49. Nxe4+ dxe4 50. Rg1 c5 51. dxc5+ Kxc5 52. Rg4 Kd5 53. Ke1 Re5
54. Kd2 Rf5 55. Ke2 Ke5 56. Ke1 Kd5 57. Ke2 Ke5 58. Ke1 Kd5 59. Ke2 1/2-1/2

[Event "chess.com Speed 2019"]
[Site "chess.com INT"]
[Date "2019.09.06"]
[Round "1.26"]
[White "Giri, Anish"]
[Black "Duda, Jan-Krzysztof"]
[Result "1/2-1/2"]
[WhiteTitle "GM"]
[BlackTitle "GM"]
[WhiteElo "2780"]
[BlackElo "2730"]
[WhiteFideId "24116068"]
[BlackFideId "1170546"]
[EventDate "2019.09.02"]

1. d4 Nf6 2. c4 e6 3. Nf3 b6 4. g3 Ba6 5. b3 Bb4+ 6. Bd2 Be7 7. Nc3 c6 8. e4 d5
9. Bd3 dxe4 10. Nxe4 Nbd7 11. Qe2 O-O 12. O-O c5 13. dxc5 Nxc5 14. Nxc5 Bxc5 15.
Rad1 Bb7 16. Bc3 Qe7 17. Ng5 h6 18. Bxf6 Qxf6 19. Nh7 Qf3 20. Qxf3 Bxf3 21. Nxf8
Bxd1 22. Nd7 Bf3 23. Nxc5 bxc5 24. Re1 Kf8 25. Re3 Bb7 26. Kf1 Ke7 27. Ke1 a5
28. Bc2 Rd8 29. Re2 Rd4 30. f4 Kd6 31. Kf2 f6 32. Ke3 g5 33. Rf2 Ke7 34. h4 g4
35. Rf1 Bf3 36. Rf2 Kd6 37. Rd2 e5 38. fxe5+ fxe5 39. a3 Kc6 40. Bf5 Kd6 41. Rb2
Kc6 42. Bd3 e4 43. Bc2 Kd6 44. Rb1 Ke5 45. Rc1 Bg2 46. Rb1 Bf3 47. Rc1 Bg2 48.
Rb1 Bf3 1/2-1/2

[Event "chess.com Speed 2019"]
[Site "chess.com INT"]
[Date "2019.09.06"]
[Round "1.27"]
[White "Duda, Jan-Krzysztof"]
[Black "Giri, Anish"]
[Result "1-0"]
[WhiteTitle "GM"]
[BlackTitle "GM"]
[WhiteElo "2730"]
[BlackElo "2780"]
[WhiteFideId "1170546"]
[BlackFideId "24116068"]
[EventDate "2019.09.02"]

1. d4 Nf6 2. Nf3 d5 3. c4 e6 4. Nc3 c6 5. e3 Nbd7 6. Qc2 Bd6 7. Be2 O-O 8. b3 b6
9. Bb2 Bb7 10. O-O Qe7 11. Rad1 Rad8 12. Rfe1 Rfe8 13. Qb1 c5 14. cxd5 exd5 15.
Bf1 a6 16. g3 Ne4 17. dxc5 Ndxc5 18. Bg2 h6 19. Nd4 Be5 20. Re2 h5 21. h4 Qf6
22. b4 Nxc3 23. Bxc3 Ne4 24. Bb2 Bc8 25. Rc1 Bg4 26. Rec2 Nxg3 27. fxg3 Bxg3 28.
Nf3 Qf5 29. Rc6 Re4 30. Rf1 Qd7 31. Rxb6 Rxe3 32. Bd4 Re2 33. Rxa6 Rde8 34. Ng5
f5 35. Ra7 Rxg2+ 36. Kxg2 Re2+ 37. Kxg3 Qd6+ 38. Rf4 1-0

[Event "chess.com Speed 2019"]
[Site "chess.com INT"]
[Date "2019.09.06"]
[Round "1.28"]
[White "Giri, Anish"]
[Black "Duda, Jan-Krzysztof"]
[Result "1-0"]
[WhiteTitle "GM"]
[BlackTitle "GM"]
[WhiteElo "2780"]
[BlackElo "2730"]
[WhiteFideId "24116068"]
[BlackFideId "1170546"]
[EventDate "2019.09.02"]

1. d4 Nf6 2. Nf3 e6 3. c4 d5 4. Nc3 c6 5. Bg5 h6 6. Bxf6 Qxf6 7. e3 Nd7 8. Bd3
g6 9. O-O Bg7 10. Re1 O-O 11. e4 dxc4 12. Bxc4 e5 13. d5 Nb6 14. Bb3 Bg4 15. Re3
Rad8 16. h3 Bxf3 17. Rxf3 Qe7 18. Qe2 c5 19. a4 Nc8 20. a5 Nd6 21. a6 b6 22. Nb5
Nxb5 23. Qxb5 Rd6 24. Qe2 h5 25. Bc4 Bh6 26. g3 Kg7 27. h4 Rfd8 28. Bd3 R8d7 29.
b3 Rc7 30. Ra2 Qd8 31. Rc2 Qe7 32. Kg2 Kh7 33. Bb5 Kg7 34. Rfc3 Rf6 35. b4 Kh7
36. bxc5 Rxc5 37. Rxc5 bxc5 38. Bc6 Bf8 39. Rb2 c4 40. Qxc4 Qa3 41. Ra2 Qc5 42.
Qxc5 Bxc5 43. Rb2 Bd4 44. Rc2 Kg7 45. f3 Kf8 46. Rc4 Bb6 47. Rb4 Bc5 48. Rb7 Kg7
49. Rb8 Bd6 50. Re8 g5 51. hxg5 Rg6 52. f4 exf4 53. e5 f3+ 54. Kxf3 Bc5 55. d6
Bb6 56. Be4 Rxg5 57. d7 Bc7 58. d8=Q Bxd8 59. Rxd8 Rxe5 60. Rd7 Re6 61. Rxa7
Rf6+ 62. Ke3 Re6 63. Kf4 Rf6+ 64. Ke3 Re6 65. Kd4 Rd6+ 66. Bd5 Kh6 67. Ra8 Kg7
68. Kc5 Rg6 69. Ra7 Kh6 70. Bc4 Rxg3 71. Rxf7 Ra3 72. a7 h4 73. Bd5 Kg5 74. a8=Q
Rxa8 75. Bxa8 h3 76. Rf8 Kg4 77. Rh8 Kg3 78. Kd4 Kh2 79. Ke3 Kg1 80. Rxh3 Kf1
81. Rh1# 1-0

[Event "chess.com Speed 2019"]
[Site "chess.com INT"]
[Date "2019.10.03"]
[Round "1.1"]
[White "Aronian, Levon"]
[Black "Firouzja, Alireza"]
[Result "0-1"]
[WhiteTitle "GM"]
[BlackTitle "GM"]
[WhiteElo "2758"]
[BlackElo "2702"]
[WhiteFideId "13300474"]
[BlackFideId "12573981"]
[EventDate "2019.09.02"]

1. e4 c5 2. Nf3 d6 3. Bc4 Nc6 4. O-O Nf6 5. d3 e6 6. Bb3 Be7 7. Re1 O-O 8. c3 b6
9. d4 Bb7 10. Nbd2 Rc8 11. Nf1 cxd4 12. cxd4 Qc7 13. Bd2 d5 14. exd5 Nxd5 15.
Bxd5 exd5 16. Ne3 Qd7 17. Bc3 Rfe8 18. Ne5 Qe6 19. Qh5 g6 20. Qh6 Nxe5 21. dxe5
Rcd8 22. Rad1 Bc5 23. h3 d4 24. Ng4 Bf8 25. Qg5 Be7 26. Nf6+ Bxf6 27. exf6 dxc3
28. bxc3 Rxd1 29. Rxd1 h6 30. Qh4 Qe4 31. Qg3 Bd5 32. Rd4 Qf5 33. c4 Be6 34. Qh4
Qg5 0-1